000 00506nam a2200181Ia 4500
008 240925s9999 xx 000 0 und d
020 _a8178085593
082 _a621.395 TOC
100 _aTocci, Ronald J.; Widmer, Neal S.
245 0 _aDigital Systems: principles and applications
250 _a8th
260 _aSingapore:
_bPearson education
_c,2001.
300 _axxxiii,321p.
_bNA
_fOriginal
500 _aIncludes Index
600 _aElectronic Engineering
650 _aTechnology
942 _cBK
999 _c9247
_d9247